LEADER 01158nam0-2200325---450- 001 990010013780403321 005 20151111134227.0 010 $a978-88-14-20920-8 035 $a001001378 035 $aFED01001001378 035 $a(Aleph)001001378FED01 035 $a001001378 100 $a20151111d2015----km-y0itay50------ba 101 0 $aita 102 $aIT 105 $ay-------001yy 200 1 $a<>nuovo processo per gli appalti pubblici$eil nuovo rito "appalti, annullamento dell'aggiudicazione e effetti sul contratto, sinteticità degli atti processuali di parte nel processo, contributo unificato, rapporto tra ricorso principale e ricorso incidentale$fa cura di Federico Freni 210 $aMilano$cGiuffrè$d2015 215 $a69 p.$d28 cm 225 1 $aOfficina del diritto 610 0 $aLavori pubblici$aAppalti$aControversie$aItalia 676 $a344.4506000269$v22$zita 702 1$aFreni,$bFederico 801 0$aIT$bUNINA$gREICAT$2UNIMARC 901 $aBK 912 $a990010013780403321 952 $aI G 420$b672/2015$fFSPBC 959 $aFSPBC 996 $aNuovo processo per gli appalti pubblici$91496120 997 $aUNINA